000 00871nam a2200229Ii 4500
003 JO-AjNU
008 230605s9999||||xx |||||||||||||| ||und||
017 _a1998/9/1443
020 _a9957-11-009-3
040 _aJO-AjNU
_bara
_erda
_cJO-AjNU
041 _aara
050 1 4 _aHF5438.4 .U2288 2019
100 3 _aعبيدات، محمد، م.مشارك هاني الضمور، م.مشارك شفيق حداد,
_eauthor
_962225
245 0 0 _aادارة المبيعات والبيع الشخصي
250 _aاعادة الطبعة العاشرة
264 3 1 _aعمان: دار وائل للنشر والتوزيع، 2019
300 _a323ص
_bيحتوي على ببلوغرافية من 321ص-323ص
336 _atext
_btxt
_2rdacontent
337 _aunmediated
_bn
_2rdamedia
338 _avolume
_bnc
_2rdacarrier
650 4 _aادارة المبيعات
_962226
999 _aA28167
_c31735
_d31735